Street drugs

Gespeichert in:  
Bibliographische Detailangaben
1. VerfasserIn: Tyler, Andrew (Verfasst von)
Medienart: Druck Buch
Sprache:Englisch
Veröffentlicht: Sevenoaks New Engl. Library 1986
In:Jahr: 1986
Ausgabe:1. NEL paperback ed.
Bestand in Tübingen:In Tübingen vorhanden.
UB: KB 18 A 1652
Verfügbarkeit prüfen: HBZ Gateway
Subito Bestelldienst: Jetzt bestellen.

MARC

LEADER 00000cam a2200000 c 4500
001 786957700
003 DE-627
005 20251224191507.0
007 tu
008 140604s1986 xx ||||| 00| ||eng c
020 |a 0450058328  |9 0-450-05832-8 
035 |a (DE-627)786957700 
035 |a (DE-576)020873859 
035 |a (DE-599)BSZ020873859 
035 |a (OCoLC)935463628 
035 |a (OCoLC)12612425 
040 |a DE-627  |b ger  |c DE-627  |e rakwb 
041 |a eng 
082 0 |a 615/.78 
100 1 |a Tyler, Andrew  |4 aut 
245 1 0 |a Street drugs  |c Andrew Tyler 
250 |a 1. NEL paperback ed. 
264 1 |a Sevenoaks  |b New Engl. Library  |c 1986 
300 |a 342 S. 
336 |a Text  |b txt  |2 rdacontent 
337 |a ohne Hilfsmittel zu benutzen  |b n  |2 rdamedia 
338 |a Band  |b nc  |2 rdacarrier 
500 |a Titelzusatz auf dem Cover: The definitive guide to the whole range of drugs - legal and illegal - in use today 
583 1 |a Archivierung prüfen  |c 20200919  |f DE-640  |z 1  |2 pdager 
951 |a BO 
ELC |b 1 
LOK |0 000 xxxxxcx a22 zn 4500 
LOK |0 001 3340165394 
LOK |0 003 DE-627 
LOK |0 004 786957700 
LOK |0 005 19900703000000 
LOK |0 008 900703||||||||||||||||ger||||||| 
LOK |0 040   |a DE-21  |c DE-627  |d DE-21 
LOK |0 852   |a DE-21 
LOK |0 852 1  |c KB 18 A 1652  |9 00 
LOK |0 935   |a krim 
LOK |0 936ln  |a k1 
LOK |0 939   |a 03-07-90  |b l01 
ORI |a SA-MARC-krimdoka001.raw 
SIG |a UB: KB 18 A 1652